Statistiques concernant Culture Générale - Série 2357

Cliquez ici pour prendre le quiz!

Statistiques générales

  • Ce quiz a été pris 121 fois
  • Le résultat moyen est 4 sur 10

Statistiques - réponses

QuestionRéponse% Correct
Comment appelait-on autrefois un pharmacien ?apothicaire
72%
Quel aninaml hormis le chat "feule" ?tigre
72%
Quel adjectif désigne une personne qui a un gros ventre ? - 12 lettres commençant par " v "ventripotent
62%
C'est une voie sans issue - 3 motscul-de-sac
61%
Grande gorgée de liquide avalée d'un trait (familier) - 6 lettres commençant par " l "lampée
50%
Quelle ville balnéaire du Mexique située sur la côte Pacifique ,rendue célèbre par la jet set dans les années 1950 et 1960, est connue pour sa vie nocturne animée, ses plages et son golf ? voir photoAcapulco
37%
C'est un prénom féminin et un sable mouvant en bord de mer - 4 lettreslise
33%
Sous quel prénom et nom connaissait-on mieux Léonia Cooreman (1928-2020) ?Annie Cordy
21%
En changeant une lettre du prénom "Adeline" vous obtiendrez un fruitaveline
16%
Ce verbe signifie "S'agiter, remuer dans l'eau, la boue" ou "voler, dérober,faucher,piquer" (familièrement)barboter
11%

Distribution des résultats

Percentile par nombre de réponses

% des personnes avec chaque résultat

Votre développement - résultats

Vous n’avez pas pris ce quiz